000 nam a22 a 4500
999 _c4517
_d4517
003 AKMAL
005 20170531082408.0
008 17 s2012 my | e l 000 0 may d
020 _a9789678922456 (kkt.)
040 _cAKMAL
082 0 4 _a347.59501 MAL
_222
090 0 0 _a347.59501
_bMAL
110 1 _aMalaysia
_9400
245 1 0 _aAkta Mahkamah Rendah 1948 (Akta 92) & Akta Kaedah-Kaedah Mahkamah Rendah 1955 (Akta 55) :
_b(hingga 20hb April 2012) /
_cdisusun oleh: Lembaga Penyelidikan Undang-Undang
260 _aPetaling Jaya :
_bInternational Law Book Services,
_c2012
300 _a58ms. ;
_c24cm.
490 1 _aUndang-undang Malaysia
650 1 0 _aDistrict courts
_zMalaysia
_98738
650 2 0 _aCourt rules
_zMalaysia
_93920
710 2 _aLembaga Penyelidikan Undang-Undang
_98739
830 0 _aUNDANG-UNDANG MALAYSIA
_98740
942 _2ddc
_cBOOK